| 000 | 00651cab a2200229 4500 | ||
|---|---|---|---|
| 001 | WB2301-72 | ||
| 008 | 090401t1986 xxu||||| |||| 00| 0 eng d | ||
| 035 | _a(Sirsi) u69368 | ||
| 041 | _aeng | ||
| 245 | _aDocklands boom | ||
| 260 | _c1986 | ||
| 350 | _a0 | ||
| 490 |
_aEstates Gazette _vvol 280 no 6314, 13/12/86 p1309 |
||
| 520 | _aA table of projects under construction, and those which have already been completed, in London Docklands to date. | ||
| 650 | _aBRUNSWICK WHARF | ||
| 650 | _aCANARY WHARF | ||
| 650 | _aHERON QUAYS | ||
| 650 | _aISLE OF DOGS | ||
| 690 | _aPLANNING LAW AND PRACTICE | ||
| 942 | _n0 | ||
| 948 | _c04/03/1997 | ||
| 999 |
_c43569 _d43569 |
||